| 000 | 00711cab a2200253 4500 | ||
|---|---|---|---|
| 001 | ABS50542 | ||
| 008 | 090401t1994 xxu||||| |||| 00| 0 eng d | ||
| 035 | _a(Sirsi) u76397 | ||
| 041 | _aeng | ||
| 100 | _aPickering, J.C.G | ||
| 245 | _aVAT on property | ||
| 260 | _c1994 | ||
| 350 | _a0 | ||
| 490 |
_aSolicitors` Journal _v138(14) 15 April 1994, 370(1) |
||
| 520 | _aOutlines important points on VAT when advising clients on the construction or letting of property. | ||
| 650 | _aPROPERTY-COMMERCIAL PROPERTY | ||
| 650 | _aLETTING | ||
| 650 | _aNEW CONSTRUCTION | ||
| 650 | _aREGISTRATION | ||
| 650 | _aVALUE ADDED TAX | ||
| 690 | _aRATING AND VALUATION | ||
| 942 | _n0 | ||
| 948 | _c04/03/1997 | ||
| 999 |
_c48058 _d48058 |
||